00339pab a2200121 454500008004000000100002600040245008100066260000900147300001200156362001200168650001600180773002100196180718b2013 xxu||||| |||| 00| 0 eng d aMuralidharan, Sukumar aThe nation and its citizens of identity, property and other forms of tyranny c2013 ap.3-58. aSep-Oct aNationalism aSocial Scientist